[Event "CZE-ch Open 2018"]
[Site "Ostrava"]
[Date "2018.05.05"]
[Round "8"]
[White "Vlasak, Lukas"]
[Black "Cernousek, Lukas"]
[Result "0-1"]
[WhiteElo "2381"]
[BlackElo "2464"]
[Annotator "TA"]
[PlyCount "82"]
[EventDate "2018.??.??"]
[EventCountry "CZE"]
[SourceTitle "playchess.com"]
[Source "ChessBase"]
[SourceQuality "1"]

{[%evp 20,82,29,14,16,13,61,-37,0,0,0,0,0,0,0,0,0,-153,-161,-167,-160,-168,-145,-273,-281,-261,-267,-284,-283,-289,-284,-318,-254,-264,-195,-194,-170,-149,-156,-208,-194,-206,-163,-412,-412,-412,-404,-410,-398,-445,-524,-525,-518,-556,-506,-671,-536,-1081,-879,-1918,-1158,-1892,-1793,-6287,-6070]} 1. Nf3 d6 2. d4 f5 3. g3 g6 4. Bg2 Bg7 5. O-O Nf6 6. c4 O-O 7. Nc3 Qe8 8. b3 e5 9. dxe5 dxe5 10. Ba3 Rf7 11. e4 {LiveBook: 13 Games. A87: Dutch Defence: Leningrad System: 5 Nf3} f4 (11... Nc6 12. Re1 f4 13. h3 fxg3 14. fxg3 Nh5 15. Kh2 Nd4 16. Rf1 c6 17. Qd3 Nxf3+ 18. Rxf3 Rxf3 19. Bxf3 {½-½ (37) Cerveny,M (2395)-Plat,V (2532) Litomysl 2016}) 12. Nd5 {Black must now prevent Ng5.} h6 $146 ({Predecessor:} 12... Nxd5 13. Qxd5 c6 14. Qd2 Bg4 15. Rad1 Na6 16. h3 Rd7 17. Qe2 Bxf3 18. Bxf3 {½-½ (18) Krizsany,L (2385)-Videki,S (2405) Saanen 1994}) 13. Nxf6+ (13. gxf4 $14 Nxd5 14. cxd5 (14. Qxd5 exf4 15. e5 Nc6 $11) 14... Rxf4 15. Ne1) 13... Bxf6 14. gxf4 Bg4 15. Qd3 Nc6 16. Nxe5 Nxe5 17. fxe5 Bxe5 18. f3 $2 (18. Rae1 $11) 18... Rd8 $17 19. Qe2 Bxa1 20. Rxa1 Qe5 21. Bb2 {[#]} (21. Rf1 $17 {was the only defense.} Be6 22. Bc1) 21... Bxf3 $1 $19 {[%mdl 512]} 22. Bxe5 (22. Bxf3 Qg5+) 22... Bxe2 23. Bg3 Rd2 24. e5 c6 25. e6 Re7 26. Bh3 h5 27. Bf4 Rd1+ 28. Rxd1 Bxd1 {[%mdl 4096] Endgame KRB-KB} 29. Bd6 (29. Bg5 $17 Re8 30. e7) 29... Re8 30. Kf2 Bc2 31. Ke3 $2 (31. e7 Kf7 32. Bd7) 31... Bf5 32. Bxf5 gxf5 {KR-KB} 33. e7 Kf7 34. Kf4 Ke6 {Black is clearly winning.} 35. c5 Rg8 36. h3 a5 37. a3 b5 {[%cal Bb7b5,Bb5b4][%mdl 32]} 38. a4 h4 39. Kf3 b4 40. Kf4 Kf7 41. Kxf5 {[#]} Rg3 $1 {[%mdl 512] Precision: White = 37%, Black = 86%.} 0-1

[Event "CZE-ch Open 2018"]
[Site "Ostrava"]
[Date "2018.05.05"]
[Round "8"]
[White "Jasny, Stanislav"]
[Black "Zwardon, Vojtech"]
[Result "1/2-1/2"]
[WhiteElo "2379"]
[BlackElo "2409"]
[Annotator "NA"]
[PlyCount "98"]
[EventDate "2018.??.??"]
[EventCountry "CZE"]
[SourceTitle "playchess.com"]
[Source "ChessBase"]
[SourceQuality "1"]
[TimeControl "40/5400+30:900+30"]

1. d4 {[%emt 0:00:00]} Nf6 {[%emt 0:00:01]} 2. Nf3 {[%emt 0:00:00]} e6 {[%emt 0:00:02]} 3. e3 {[%emt 0:00:09]} b6 {[%emt 0:00:47]} 4. Bd3 {[%emt 0:00:18]} Bb7 {[%emt 0:00:10]} 5. O-O {[%emt 0:00:18]} Be7 {[%emt 0:09:19]} 6. c4 {[%emt 0:00:14]} O-O {[%emt 0:01:27]} 7. Nc3 {[%emt 0:00:19]} d5 {[%emt 0:00:21]} 8. Qe2 {[%emt 0:06:22]} Nbd7 {[%emt 0:03:01]} 9. Rd1 {[%emt 0:19:16]} Ne4 {[%emt 0:05:23]} 10. cxd5 {[%emt 0:00:07]} exd5 {[%emt 0:01:24]} 11. Ba6 {[%emt 0:00:38]} Bxa6 {[%emt 0:11:43]} 12. Qxa6 {[%emt 0:00:08]} Ndf6 {[%emt 0:00:40]} 13. Bd2 {[%emt 0:05:01]} Bd6 {[%emt 0:11:22]} 14. Be1 {[%emt 0:16:05]} Qc8 {[%emt 0:03:17]} 15. Qxc8 {[%emt 0:00:33]} Rfxc8 {[%emt 0:00:55]} 16. Rac1 {[%emt 0:02:50]} Nxc3 {[%emt 0:01:23]} 17. Rxc3 {[%emt 0:05:31]} Kf8 {[%emt 0:04:04]} 18. Rc6 {[%emt 0:03:21]} a5 {[%emt 0:03:55]} 19. Ne5 {[%emt 0:12:46]} Ke7 {[%emt 0:03:46]} 20. f3 {[%emt 0:06:36]} Nd7 {[%emt 0:00:04]} 21. Bg3 {[%emt 0:01:00]} Nb8 {[%emt 0:10:10]} 22. Rc2 {[%emt 0:02:30]} f6 {[%emt 0:00:57]} 23. Nc6+ {[%emt 0:01:27]} Nxc6 {[%emt 0:00:10]} 24. Rxc6 {[%emt 0:00:05]} Kd7 {[%emt 0:01:22]} 25. Rdc1 {[%emt 0:00:52]} Bxg3 {[%emt 0:03:38]} 26. hxg3 {[%emt 0:00:06]} a4 {[%emt 0:00:08]} 27. e4 {[%emt 0:07:24]} dxe4 {[%emt 0:00:10]} 28. fxe4 {[%emt 0:00:05]} Ra5 {[%emt 0:00:05]} 29. d5 {[%emt 0:00:41]} Rb5 {[%emt 0:01:21]} 30. R1c2 {[%emt 0:00:32]} Rb4 {[%emt 0:00:54]} 31. Kf2 {[%emt 0:05:23]} Rxe4 {[%emt 0:01:12]} 32. d6 {[%emt 0:00:05]} Rd4 {[%emt 0:00:44]} 33. Rxc7+ {[%emt 0:00:41]} Rxc7 {[%emt 0:00:06]} 34. dxc7 {[%emt 0:00:19]} Kc8 {[%emt 0:00:09]} 35. Ke3 {[%emt 0:00:17]} Rg4 {[%emt 0:00:22]} 36. Kf3 {[%emt 0:00:44]} Rb4 {[%emt 0:03:39]} 37. Ke3 {[%emt 0:03:29]} h5 {[%emt 0:01:12]} 38. a3 {[%emt 0:01:15]} Rb3+ {[%emt 0:00:18]} 39. Kf4 {[%emt 0:01:15]} b5 {[%emt 0:00:25]} 40. g4 {[%emt 0:00:44]} hxg4 {[%emt 0:27:24]} 41. Kxg4 {[%emt 0:00:00]} g6 {[%emt 0:00:00]} 42. Kf4 {[%emt 0:00:00]} b4 {[%emt 0:00:00]} 43. axb4 {[%emt 0:00:00]} Rxb4+ {[%emt 0:00:00]} 44. Kg3 {[%emt 0:00:00]} f5 {[%emt 0:00:00]} 45. Kh2 {[%emt 0:00:00]} g5 {[%emt 0:00:00]} 46. Rc5 {[%emt 0:03:23]} f4 {[%emt 0:00:00]} 47. Rxg5 {[%emt 0:00:19]} Rxb2 {[%emt 0:00:00]} 48. Ra5 {[%emt 0:03:04]} Ra2 {[%emt 0:00:00]} 49. Rf5 {[%emt 0:01:25]} Kxc7 {[%emt 0:00:00]} 1/2-1/2

[Event "CZE-ch Open 2018"]
[Site "Ostrava"]
[Date "2018.05.05"]
[Round "8"]
[White "Simek, Petr"]
[Black "Jurek, Josef"]
[Result "0-1"]
[WhiteElo "2378"]
[BlackElo "2264"]
[Annotator "TA"]
[PlyCount "198"]
[EventDate "2018.??.??"]
[EventCountry "CZE"]
[SourceTitle "playchess.com"]
[Source "ChessBase"]
[SourceQuality "1"]

{[%evp 19,198,29,45,45,25,30,42,21,37,32,32,14,42,43,54,50,163,89,126,92,45,18,44,28,29,30,41,0,0,0,86,93,86,133,135,0,0,0,0,0,0,0,0,0,0,0,0,0,0,-74,-66,-85,-74,-75,-66,-77,-8,-93,-93,-284,-284,-265,-265,-367,-367,-407,-413,-407,-414,-456,-367,-367,-365,-375,-354,-346,-24,-24,0,-341,-321,-456,-456,-456,0,-8,0,-456,-456,-453,-438,-414,-398,-405,-405,-375,-307,-442,-442,-442,-442,-441,-57,-61,-61,-29952,-29957,-29947,-3216,-4458,0,-29948,-29942,-29956,-29958,-29965,-29968,-29968,-29970,-29971,-29972,-29974,-29975,-29972,-29961,-29973,-29947,-29975,-29977,-29977,-29977,-29976,-29978,-29978,-29979,-29980,-29981,-29982,-29983,-29982,-29980,-29980,-29977,-29977,-29972,-29974,-29969,-29982,-29983,-29985,-29984,-29984,-29984,-29978,-29951,-29974,-29975,-29975,-29977,-29977,-29977,-29978,-29979,-29979,-29980,-29980,-29981,-29981,-29981,-29980,-29976,-29964,-12805,-7392,-6879,-29987,-29988,-29988,-29989,-29989,-29990]} 1. d4 Nf6 2. c4 e6 3. g3 c5 4. d5 exd5 5. cxd5 b5 6. Nf3 {A60: Modern Benoni: Early Divergences} (6. Bg2 d6 7. Nf3 g6 8. O-O Bg7 9. e4 O-O 10. Re1 Re8 11. e5 dxe5 12. Nxe5 Bb7 13. Nc6 Rxe1+ 14. Qxe1 Qd7 15. Ne5 {0-1 (32) Li,C (2751)-Ivanchuk,V (2710) Huaian 2016}) 6... Bb7 7. e4 Nxe4 8. Bg2 Be7 9. O-O O-O 10. Re1 f5 {LiveBook: 7 Games} 11. Nc3 Nxc3 12. bxc3 d6 13. Rb1 $146 ({Predecessor:} 13. Bf4 Na6 {0-1 (39) Winkler,T (2514)-Haraldsson,H (2386) ICCF email 2013}) 13... a6 14. a4 Bf6 15. axb5 axb5 16. Rxb5 Ba6 17. Rb1 $1 Bxc3 (17... Bc8 $14) 18. Bg5 ({White should try} 18. Re6 $1 $18) 18... Qa5 19. Re6 Nd7 20. Be7 (20. Bf4 {is interesting.} Qa2 21. Re3 Bf6 22. Qe1 Bc4 23. Bxd6 Rfd8 24. Bc7) 20... Rfb8 21. Rxb8+ (21. Rxd6 Qa2 $15) 21... Rxb8 22. Bxd6 Ra8 23. h4 Bb5 24. Qc2 Nf6 (24... g6 $11) 25. Qxf5 $16 {aiming for Ne5.} Bd7 26. Ng5 Bd4 27. Be7 (27. Ne4 $16 {[%cal Re4f6]} Qe1+ 28. Kh2 Nxe4 29. Bxe4 Qxf2+ 30. Qxf2 Bxf2 31. Re7) 27... g6 $11 28. Qf4 Bxe6 29. Bxf6 ({Much weaker is} 29. Nxe6 Qe1+ 30. Kh2 Nh5 $17) 29... Bxf6 30. dxe6 Rf8 31. Bd5 {Intending e7+ and mate.} Qa1+ 32. Kg2 $1 {e7+ would kill now.} Be7 $1 33. Nf7 Qd4 $36 {[%mdl 2048] Black is pushing.} 34. Qxd4 (34. Be4 $1 $11) 34... cxd4 {[%mdl 4096] Endgame KRB-KBN} 35. Kf3 Kg7 36. Ke4 Bf6 37. f4 h5 (37... Rc8 $17 38. Ne5 Bxe5 39. fxe5 Kf8 40. Kxd4 Ke7) 38. Ng5 (38. Ne5 $11 {remains equal.}) 38... Rc8 $17 {White must now prevent ...Rc3.} 39. Nf3 $2 (39. e7 $17) 39... Rc3 $19 {[%csl Gd4][%cal Rc3e3]} 40. Nxd4 Rxg3 41. Nc6 Kf8 42. Ne5 {If only White now had time for f5....} Bxh4 43. f5 gxf5+ 44. Kxf5 Kg7 45. Nc6 Rg5+ 46. Ke4 {intending e7.} Rg1 47. Kf4 Rg4+ $2 (47... Kf8 $19 {Threatens to win with ...Be7.} 48. Bf3 Bg5+ 49. Kf5 h4) 48. Kf5 $11 Rg5+ $2 {[%mdl 8192]} (48... Kf8 $11 49. e7+ Bxe7 50. Nxe7 Kxe7) 49. Ke4 $19 Kf8 50. Nd4 (50. Ne5 $142) 50... Rg4+ 51. Ke5 {and the idea Nf5 leaves White hopeful.} Bg3+ $2 ({Black should play} 51... Be7 $19 52. Bf3 Rg3) 52. Kf6 $11 {White wants to mate with e7+.} Bh4+ $2 {[%mdl 8192]} ({And not} 52... Rxd4 53. e7+ Ke8 54. Bc6+ Rd7 55. Ke6 h4 56. Bxd7#) (52... Rf4+ $11 53. Nf5 Rxf5+ $1 {[%mdl 512]} 54. Kxf5 Ke7) 53. Ke5 $1 $19 {White hopes to continue with Nf5.} Be7 ({Weaker is} 53... Bg3+ 54. Kf6 $19) 54. Bf3 Rg5+ 55. Nf5 h4 $1 {[%cal Bh5h4,Bh4h3,Bh3h2][%mdl 32]} 56. Kf4 Rg1 57. Bg4 Rf1+ 58. Bf3 (58. Ke3 $142) 58... h3 59. Kg4 h2 {( -> ...Rxf3!)} 60. Ng3 Rg1 $2 (60... Rb1 $19 61. Kh3 Rb3) 61. Kh3 $15 Bd6 {[#]} 62. Nh1 $2 {[%mdl 8192]} (62. e7+ $1 $15 {[%mdl 512]} Bxe7 63. Kxh2) 62... Ke7 63. Bd5 Rd1 (63... Be5 $142 64. Bb7 Kxe6 65. Bg2 Kf5 66. Bc6 Bf4 67. Ba8 Ke5 68. Bg2 Kd4 69. Nf2 Bb8 70. Nh1 Ke3 71. Bb7 Rg7 72. Bd5 Be5 73. Be6 Ke4 74. Bg4 Rc7 75. Be2 Rc1 76. Ba6 Rb1 77. Kg4 Ke3 78. Kf5 Bc7 79. Bc4 Kd4 80. Ba6 Rxh1 81. Bb7 Rb1 82. Ba8 h1=Q 83. Bxh1 Rxh1 84. Kg5 Ke5 85. Kg4 Rf1 86. Kh3 Ke4 87. Kg4 Rf5 88. Kh3 Kf3 89. Kh4 Ra5 90. Kh3 Rh5#) 64. Bf3 Rg1 (64... Rd3 $19 65. Kg4 Kxe6) 65. Bd5 Be5 66. Bb7 Kxe6 67. Bc8+ Kd5 68. Bb7+ Kd4 69. Ba8 Ke3 70. Bb7 Rb1 71. Bd5 Rc1 72. Bb7 Rc5 73. Ba8 Ke2 74. Kg2 Rc8 75. Bb7 Rg8+ 76. Kh3 Kf1 77. Bc6 Kg1 78. Bb7 Rb8 79. Bc6 Rb3+ 80. Kg4 Rb6 81. Bd5 Rh6 82. Bb7 Bc3 83. Ba8 Be1 84. Bd5 Rh4+ 85. Kg5 Rb4 86. Bf3 Kf1 87. Bc6 Bh4+ 88. Kf5 Ke2 89. Bg2 Ke3 90. Bc6 Rf4+ 91. Ke5 Rc4 92. Bg2 Rc5+ 93. Kd6 Kd4 94. Ke6 Re5+ 95. Kd6 Rg5 96. Bf3 Rg6+ 97. Kd7 Kc5 {Black mates.} 98. Be4 Rd6+ 99. Kc7 Re6 {Precision: White = 41%, Black = 63%.} 0-1

[Event "CZE-ch Open 2018"]
[Site "Ostrava"]
[Date "2018.05.05"]
[Round "8"]
[White "Voloshin, Leonid"]
[Black "Simacek, Pavel"]
[Result "1/2-1/2"]
[WhiteElo "2370"]
[BlackElo "2498"]
[Annotator "TA"]
[PlyCount "40"]
[EventDate "2018.??.??"]
[EventCountry "CZE"]
[SourceTitle "playchess.com"]
[Source "ChessBase"]
[SourceQuality "1"]

{[%evp 9,40,8,10,-2,0,-15,0,5,6,4,10,0,20,11,33,16,22,24,37,31,35,27,38,13,34,-22,13,0,58,-13,40,0,53]} 1. c4 e5 2. e3 Nc6 3. a3 g6 4. b4 Bg7 5. Bb2 d6 {LiveBook: 5 Games} 6. d4 {A20: English Opening: 1...e5} exd4 7. b5 Nce7 8. Bxd4 $146 ({Predecessor:} 8. Nf3 Nf6 9. Nxd4 O-O 10. Nd2 {1-0 (41) Bosboom,M (2383)-Bartel,M (2296) Haarlem 2012}) 8... Nf6 9. Nf3 O-O 10. Be2 c5 11. Bb2 b6 12. O-O Bb7 13. Nbd2 Qd7 14. Qc2 Rad8 15. a4 d5 16. Rfd1 Qe6 17. Ng5 (17. a5 $14) 17... Qc8 18. Ngf3 Qe6 19. Ng5 (19. a5 $1 $14) 19... Qc8 (19... Qf5 $11 20. Qxf5 Nxf5) 20. Ngf3 Qe6 {Precision: White = 26%, Black = 44%.} 1/2-1/2

[Event "CZE-ch Open 2018"]
[Site "Ostrava"]
[Date "2018.05.05"]
[Round "8"]
[White "Rubes, Jan"]
[Black "Toman, Jaroslav"]
[Result "1/2-1/2"]
[WhiteElo "2337"]
[BlackElo "2233"]
[Annotator "ChessBase"]
[PlyCount "131"]
[EventDate "2018.??.??"]
[EventCountry "CZE"]
[SourceTitle "playchess.com"]
[Source "ChessBase"]
[SourceQuality "1"]
[TimeControl "40/5400+30:900+30"]

1. d4 {[%emt 0:00:00]} e6 {[%emt 0:00:24]} 2. c4 {[%emt 0:00:00]} Nf6 {[%emt 0:00:37]} 3. Nf3 {[%emt 0:00:50]} b6 {[%emt 0:00:13]} 4. g3 {[%emt 0:00:25]} Bb7 {[%emt 0:00:04]} 5. Bg2 {[%emt 0:00:05]} Be7 {[%emt 0:02:46]} 6. O-O {[%emt 0:00:21]} O-O {[%emt 0:00:04]} 7. d5 {[%emt 0:00:11]} Ne4 {[%emt 0:16:59]} 8. Nfd2 {[%emt 0:14:02]} Nxd2 {[%emt 0:02:29]} 9. Bxd2 {[%emt 0:00:08]} Qc8 {[%emt 0:06:26]} 10. Nc3 {[%emt 0:05:23]} d6 {[%emt 0:08:03]} 11. e4 {[%emt 0:09:09]} Bf6 {[%emt 0:03:27]} 12. Rc1 {[%emt 0:03:57]} a5 {[%emt 0:05:10]} 13. b3 {[%emt 0:02:18]} Nd7 {[%emt 0:06:06]} 14. f4 {[%emt 0:06:54]} Qd8 {[%emt 0:05:29]} 15. Qg4 {[%emt 0:07:37]} Bd4+ {[%emt 0:04:39]} 16. Kh1 {[%emt 0:00:40]} f5 {[%emt 0:00:07]} 17. Qh3 {[%emt 0:01:09]} Nc5 {[%emt 0:04:07]} 18. exf5 {[%emt 0:06:18]} Bxc3 {[%emt 0:05:14]} 19. Bxc3 {[%emt 0:00:16]} exf5 {[%emt 0:00:02]} 20. Rce1 {[%emt 0:01:26]} Qd7 {[%emt 0:00:31]} 21. Qh5 {[%emt 0:08:39]} Rae8 {[%emt 0:00:36]} 22. Kg1 {[%emt 0:05:24]} Bc8 {[%emt 0:00:14]} 23. Qd1 {[%emt 0:03:15]} Qf7 {[%emt 0:03:44]} 24. Qd4 {[%emt 0:00:22]} Qg6 {[%emt 0:00:44]} 25. Bf3 {[%emt 0:00:26]} Rf6 {[%emt 0:15:33]} 26. Qd1 {[%emt 0:02:32]} Rff8 {[%emt 0:03:47]} 27. Bh5 {[%emt 0:00:17]} Rxe1 {[%emt 0:00:04]} 28. Rxe1 {[%emt 0:00:04]} Qh6 {[%emt 0:00:23]} 29. Re7 {[%emt 0:00:08]} Ne4 {[%emt 0:00:32]} 30. Bxg7 {[%emt 0:00:53]} Qxg7 {[%emt 0:00:02]} 31. Rxg7+ {[%emt 0:00:06]} Kxg7 {[%emt 0:00:03]} 32. Qd4+ {[%emt 0:00:46]} Nf6 {[%emt 0:00:43]} 33. Kf2 {[%emt 0:01:22]} Bd7 {[%emt 0:00:20]} 34. h3 {[%emt 0:00:25]} Kh6 {[%emt 0:00:10]} 35. Bf3 {[%emt 0:00:10]} Kg6 {[%emt 0:00:12]} 36. a3 {[%emt 0:02:56]} h5 {[%emt 0:00:28]} 37. Qb2 {[%emt 0:02:08]} Re8 {[%emt 0:01:35]} 38. Qc2 {[%emt 0:03:13]} Kg7 {[%emt 0:00:38]} 39. b4 {[%emt 0:03:52]} axb4 {[%emt 0:00:01]} 40. axb4 {[%emt 0:00:05]} Kf7 {[%emt 0:21:49]} 41. Qa2 {[%emt 0:17:34]} Rc8 {[%emt 0:00:42]} 42. Qa7 {[%emt 0:00:41]} Ke7 {[%emt 0:00:00]} 43. Kg2 {[%emt 0:00:00]} Kf7 {[%emt 0:00:00]} 44. Bd1 {[%emt 0:00:00]} Kf8 {[%emt 0:00:00]} 45. Ba4 {[%emt 0:00:00]} Bxa4 {[%emt 0:00:00]} 46. Qxa4 {[%emt 0:00:00]} Re8 {[%emt 0:00:00]} 47. Qc6 {[%emt 0:00:00]} Re7 {[%emt 0:00:00]} 48. Qa8+ {[%emt 0:00:00]} Kg7 {[%emt 0:00:00]} 49. Qc8 {[%emt 0:00:00]} Kg6 {[%emt 0:00:00]} 50. Kf3 {[%emt 0:00:00]} Rd7 {[%emt 0:00:00]} 51. Ke2 {[%emt 0:00:00]} Re7+ {[%emt 0:00:00]} 52. Kd3 {[%emt 0:00:00]} Rd7 {[%emt 0:00:00]} 53. Kc2 {[%emt 0:00:00]} Re7 {[%emt 0:00:00]} 54. Kb3 {[%emt 0:00:00]} Re3+ {[%emt 0:00:00]} 55. Ka4 {[%emt 0:00:00]} Re7 {[%emt 0:00:00]} 56. Kb5 {[%emt 0:00:00]} Rd7 {[%emt 0:00:00]} 57. Kc6 {[%emt 0:00:52]} Re7 {[%emt 0:00:00]} 58. Qd8 {[%emt 0:07:47]} Kf7 {[%emt 0:00:00]} 59. h4 {[%emt 0:00:38]} Ne8 {[%emt 0:00:00]} 60. Qc8 {[%emt 0:01:49]} Kf6 {[%emt 0:00:00]} 61. Qa8 {[%emt 0:00:30]} Kf7 {[%emt 0:00:00]} 62. Qa1 {[%emt 0:02:39]} Nf6 {[%emt 0:00:00]} 63. Qb1 {[%emt 0:00:43]} Ne4 {[%emt 0:00:00]} 64. Qd3 {[%emt 0:01:02]} Kg6 {[%emt 0:00:00]} 65. Qe3 {[%emt 0:01:13]} Kf7 {[%emt 0:00:00]} 66. Qd3 1/2-1/2

[Event "CZE-ch Open 2018"]
[Site "Ostrava"]
[Date "2018.05.05"]
[Round "8"]
[White "Obsivac, Josef"]
[Black "Havelka, Ondrej"]
[Result "0-1"]
[WhiteElo "2330"]
[BlackElo "2041"]
[Annotator "NA"]
[PlyCount "122"]
[EventDate "2018.??.??"]
[EventCountry "CZE"]
[SourceTitle "playchess.com"]
[Source "ChessBase"]
[SourceQuality "1"]
[TimeControl "40/5400+30:900+30"]

1. d4 {[%emt 0:00:00]} d5 {[%emt 0:00:06]} 2. c4 {[%emt 0:00:03]} e6 {[%emt 0:00:05]} 3. Nc3 {[%emt 0:00:09]} Be7 {[%emt 0:00:04]} 4. Nf3 {[%emt 0:00:43]} Nf6 {[%emt 0:00:06]} 5. Bg5 {[%emt 0:00:12]} O-O {[%emt 0:00:18]} 6. e3 {[%emt 0:00:20]} h6 {[%emt 0:00:15]} 7. Bh4 {[%emt 0:00:30]} b6 {[%emt 0:00:06]} 8. cxd5 {[%emt 0:03:03]} Nxd5 {[%emt 0:00:17]} 9. Bxe7 {[%emt 0:02:56]} Qxe7 {[%emt 0:00:08]} 10. Nxd5 {[%emt 0:01:37]} exd5 {[%emt 0:00:05]} 11. Be2 {[%emt 0:00:47]} Be6 {[%emt 0:00:57]} 12. O-O {[%emt 0:02:22]} Nd7 {[%emt 0:02:25] D59: Queen's Gambit Declined: Tartakower Defence: Main line (8 cxd5 Nxd5)} 13. Bb5 {[%emt 0:20:11]} c5 {[%emt 0:11:00]} 14. Bxd7 {[%emt 0:00:20]} Qxd7 {[%emt 0:00:26]} 15. Ne5 {[%emt 0:00:17]} Qd6 {[%emt 0:01:54]} 16. Qd3 $146 {[%emt 0:05:56]} ({Predecessor:} 16. Qd2 c4 17. a3 b5 18. f4 Bf5 19. g4 Be4 {0-1 (66) Neven,K (2237)-Lee,V (2245) Edmonton 2006}) 16... Rfe8 {[%emt 0:07:05]} 17. Rac1 {[%emt 0:04:37]} c4 {[%emt 0:20:08]} 18. Qc2 {[%emt 0:04:17]} f6 {[%emt 0:00:37]} 19. Ng6 {[%emt 0:00:53]} Qd7 {[%emt 0:00:08]} 20. Nf4 {[%emt 0:01:27]} Bf5 {[%emt 0:00:13]} 21. Qd2 {[%emt 0:00:33]} g5 {[%emt 0:02:35]} 22. Ne2 {[%emt 0:13:42]} b5 {[%emt 0:09:32]} 23. Rfe1 {[%emt 0:01:19]} a5 {[%emt 0:02:40]} 24. a3 {[%emt 0:00:25]} Qd6 {[%emt 0:02:39]} 25. f3 {[%emt 0:08:19]} Bd3 {[%emt 0:01:32]} 26. Rc3 {[%emt 0:06:49]} Bg6 {[%emt 0:04:12]} 27. Rcc1 {[%emt 0:03:37]} b4 {[%emt 0:12:09]} 28. axb4 {[%emt 0:01:34]} axb4 {[%emt 0:00:03]} 29. Ra1 {[%emt 0:00:39]} Qb6 {[%emt 0:01:01]} 30. g4 {[%emt 0:01:07]} c3 {[%emt 0:04:27]} 31. bxc3 {[%emt 0:01:54]} b3 {[%emt 0:01:01]} 32. Qb2 {[%emt 0:05:09]} Rxa1 {[%emt 0:02:31]} 33. Rxa1 {[%emt 0:00:03]} Rxe3 {[%emt 0:00:08]} 34. Ra8+ {[%emt 0:01:43]} Kf7 {[%emt 0:05:16]} 35. Kf2 {[%emt 0:02:15]} Re7 {[%emt 0:00:40]} 36. Ng3 {[%emt 0:01:40]} Bc2 {[%emt 0:02:30]} 37. Nf5 {[%emt 0:04:14]} Bxf5 {[%emt 0:08:25]} 38. gxf5 {[%emt 0:00:02]} Qc7 {[%emt 0:00:20]} 39. Kg2 {[%emt 0:01:58]} Qc4 {[%emt 0:00:13]} 40. Kf2 {[%emt 0:01:01]} Qc7 {[%emt 0:15:49]} 41. Kg2 {[%emt 0:00:00]} Qc4 {[%emt 0:00:00]} 42. Kf2 {[%emt 0:00:00]} Qd3 {[%emt 0:00:00]} 43. Ra1 {[%emt 0:00:00]} Qe3+ {[%emt 0:00:00]} 44. Kg2 {[%emt 0:00:00]} Qe2+ {[%emt 0:00:00]} 45. Qxe2 {[%emt 0:00:00]} Rxe2+ {[%emt 0:00:00]} 46. Kg3 {[%emt 0:00:29]} b2 {[%emt 0:00:00]} 47. Rb1 {[%emt 0:01:10]} h5 {[%emt 0:00:00]} 48. h4 {[%emt 0:05:38]} Rc2 {[%emt 0:00:00]} 49. Kh3 {[%emt 0:01:46]} Ke7 {[%emt 0:00:00]} 50. Kg3 {[%emt 0:00:19]} gxh4+ {[%emt 0:00:00]} 51. Kxh4 {[%emt 0:00:06]} Kd7 {[%emt 0:00:00]} 52. Kxh5 {[%emt 0:01:06]} Rg2 {[%emt 0:00:00]} 53. Kh6 {[%emt 0:06:59]} Kc7 {[%emt 0:00:00]} 54. f4 {[%emt 0:01:14]} Kb7 {[%emt 0:00:00]} 55. Kh5 {[%emt 0:01:32]} Ka6 {[%emt 0:00:00]} 56. Re1 {[%emt 0:01:01]} Ka5 {[%emt 0:00:00]} 57. Re8 {[%emt 0:00:35]} Ka4 {[%emt 0:00:00]} 58. Rb8 {[%emt 0:00:28]} Ka3 {[%emt 0:00:00]} 59. Kh6 {[%emt 0:01:45]} Ka2 {[%emt 0:00:00]} 60. c4 {[%emt 0:01:18]} dxc4 {[%emt 0:00:00]} 61. d5 {[%emt 0:00:03]} b1=Q {[%emt 0:00:00]} 0-1

[Event "CZE-ch Open 2018"]
[Site "Ostrava"]
[Date "2018.05.05"]
[Round "8"]
[White "Mrazek, Lumir"]
[Black "Mladek, Richard"]
[Result "0-1"]
[WhiteElo "2327"]
[BlackElo "2136"]
[Annotator "NA"]
[PlyCount "60"]
[EventDate "2018.??.??"]
[EventCountry "CZE"]
[SourceTitle "playchess.com"]
[Source "ChessBase"]
[SourceQuality "1"]
[TimeControl "40/5400+30:900+30"]

1. f4 {[%emt 0:00:00]} d5 {[%emt 0:02:09]} 2. Nf3 {[%emt 0:00:05]} g6 {[%emt 0:01:52]} 3. e3 {[%emt 0:05:17]} Bg7 {[%emt 0:00:07]} 4. c4 {[%emt 0:01:49]} Nf6 {[%emt 0:06:27]} 5. Nc3 {[%emt 0:01:01]} O-O {[%emt 0:01:15]} 6. Be2 {[%emt 0:02:58]} c5 {[%emt 0:04:05]} 7. cxd5 {[%emt 0:01:27]} Nxd5 {[%emt 0:00:16]} 8. O-O {[%emt 0:00:33]} Nxc3 {[%emt 0:02:56]} 9. bxc3 {[%emt 0:01:06]} Nc6 {[%emt 0:01:52]} 10. Rb1 {[%emt 0:07:13]} b6 {[%emt 0:04:17]} 11. Qa4 {[%emt 0:06:29]} Bd7 {[%emt 0:02:34]} 12. Qc2 {[%emt 0:07:20]} e5 {[%emt 0:03:01]} 13. Nxe5 {[%emt 0:03:10]} Nxe5 {[%emt 0:01:14]} 14. fxe5 {[%emt 0:00:06]} Bxe5 {[%emt 0:02:51]} 15. d4 {[%emt 0:04:24]} Bg7 {[%emt 0:01:16]} 16. dxc5 {[%emt 0:06:40]} bxc5 {[%emt 0:01:32]} 17. Bc4 {[%emt 0:03:48]} Qh4 {[%emt 0:04:36]} 18. Bd5 {[%emt 0:03:37]} Rad8 {[%emt 0:07:26]} 19. Ba3 {[%emt 0:15:44]} Ba4 {[%emt 0:11:16]} 20. Qd2 {[%emt 0:09:20]} Qg5 {[%emt 0:19:24]} 21. c4 {[%emt 0:00:40]} Bd4 {[%emt 0:01:59]} 22. Rf4 {[%emt 0:03:22]} Qxf4 {[%emt 0:05:03]} 23. Qxd4 {[%emt 0:00:44]} cxd4 {[%emt 0:00:41]} 24. exf4 {[%emt 0:00:02]} Rfe8 {[%emt 0:02:09]} 25. Rb7 {[%emt 0:02:22]} Rd7 {[%emt 0:02:05]} 26. Rb4 {[%emt 0:03:35]} d3 {[%emt 0:01:08]} 27. Rxa4 {[%emt 0:00:45]} d2 {[%emt 0:01:37]} 28. Bf3 {[%emt 0:00:02]} Rd3 {[%emt 0:02:12]} 29. Bb4 {[%emt 0:01:17]} Re1+ {[%emt 0:00:19]} 30. Kf2 {[%emt 0:00:01]} Rxf3+ {[%emt 0:00:11]} 0-1